000 01376cam a2200373Ii 4500
999 _c27561
_d27561
001 9781315724270
003 OSt
005 20240802185343.0
006 a|||||o|||| 00| 0
008 180706s2016 enka ob 001 0 eng d
020 _a9781315724270
_q(e-book : PDF)
020 _a9781317530442
_q(e-book: Mobi)
020 _a9781317530459
_q(e-book: ePub)
020 _z9781138851139
_q(hardback)
020 _z9781138618336
_q(paperback)
024 7 _a10.4324/9781315724270
_2doi
035 _a(OCoLC)948511802
035 _a(OCoLC)952730480
040 _cimu-kc
050 4 _aQH91.75.A1
_bM34 2016
082 0 4 _a333.916416
_bM338
245 0 0 _aMarine transboundary conservation and protected areas /
_cedited by Peter Mackelworth.
264 1 _aLondon ;
_aNew York :
_bRoutledge,
_c2016.
300 _a1 online resource (xii, 313 pages)
490 1 _aEarthscan oceans
505 0 _apt. 1. Establishing pathways of influence in the marine conservation context -- pt. 2. Marine transboundary conservation in action.
650 0 _aMarine parks and reserves.
650 0 _aTransfrontier conservation areas.
700 1 _aMackelworth, Peter,
_eeditor.
776 0 8 _iPrint version:
_z9781138851139
_w(DLC) 2015045918
830 0 _aEarthscan oceans.
856 4 0 _uhttps://www.taylorfrancis.com/books/9781315724270
_zClick here to view.
942 _2ddc
_cEBK